000 03800nam a22003737a 4500
005 20111205145853.0
008 111205t xxu||||| |||| 00| 0 eng d
010 _aENG-104289
020 _a9781259001888
_c495.00
020 _a1259001881
_c495.00
035 _aEN -87822
037 _bDBAD/PUB
040 _aDPL
_bEng
082 _a004.654
100 _936352
_aBingham, Richard
245 _aManaging Oracle Fusion applications /
_cby Richard Bingham
260 _aNew Delhi
_bTata McGraw Hill
_c2011
270 _a7 West Patel Nagar
_bNew Delhi
_e110008
300 _axxv,322p :
_c24cm(pbk)
_bill.
500 _aIncludes index
505 _aMachine generated contents note: Chapter 1: A Fusion Applications Product Overview -- Chapter 2: A Fusion Applications Technical Overview -- Chapter 3: Successful Enterprise Application Management -- Chapter 4: The Fusion Applications Lifecycle -- Chapter 5: The Fusion Applications Management Toolbox -- Chapter 6: The Reliability Management Toolbox -- Chapter 7: The Availability Management Toolbox -- Chapter 8: The Performance Management Toolbox -- Chapter 9: The Optimization Management Toolbox -- Chapter 10: The Governance Management Toolbox -- Chapter 11: Getting and Staying Healthy -- Chapter 12: Planning for the Future -- Appendix: Further Reading.
520 _a"From Oracle Press--expert techniques for effectively managing Oracle Fusion ApplicationsManaging Oracle Fusion Applications explains how to use a comprehensive range of tools, services, and worked best practices, organized into an easy-to-use and practical toolbox, to manage Oracle Fusion Applications--the integrated suite of next-generation enterprise applications that combine the best capabilities from Oracle’s extensive product portfolio. Written by a member of the Oracle team designing the support strategy for Oracle Fusion Applications, this is the first and only book on the topic. Effective system management increases application up-time, improves performance, and lowers the total cost of ownership. This Oracle Press guide demonstrates how to achieve these goals.Complete coverage of Oracle Fusion Applications management: Oracle Fusion Applications Product Overview; Oracle Fusion Applications Technical Overview; Successful Enterprise Application Management; Oracle Fusion Applications Lifecycle; Oracle Fusion Applications Management Toolbox; Reliability Management Toolbox; Availability Management Toolbox; Performance Management Toolbox; Optimization Management Toolbox; Governance Management Toolbox; Planning for the Future"-- |c Provided by publisher.
520 _a"The book provides four main benefits to the reader. It provides background information about Fusion Applications, which is useful whether you are creating an implementation plan, looking at future uptake, or simply improving your knowledge. Second, it forms a practical reference guide for those running Fusion Applications. Third, it complements the existing documentation and training material, all in the context of application management, and lastly, it helps you understand the need for and content of a high quality Fusion Applications management strategy and plan"-- |c Provided by publisher.
600 _936476
610 _936477
630 _aOracle Fusion applications.
_936960
650 _936353
_aDatabase management.
650 _936481
_aSoftware engineering
_xManagement.
650 _aService-oriented architecture (Computer science)
_936961
650 _aElectronic commerce
_xComputer programs.
_936962
700 _936394
942 _2ddc
_cEN
_mBIN
_h004.654
999 _c58974
_d58974